| 000 | 00935cam a22002411i 4500 | ||
|---|---|---|---|
| 003 | SA-RiAUC | ||
| 005 | 20260104122347.0 | ||
| 008 | 251231s1981 su g i000r0 ara c | ||
| 040 |
_aSA-JeALM _bara _cSA-RiAUC _erda |
||
| 050 | 4 | _b.J36 1981 | |
| 082 | 0 | 4 |
_a256 _qSA-RiAUC |
| 090 |
_a256 _bج م ا |
||
| 100 | 1 |
_aجمال، أحمد محمد صالح، _d1343-1413 هجري _eمؤلف. |
|
| 245 | 1 | 2 |
_aالجهاد في الإسلام : _bمراتبه ومطالبه / _cتأليف أحمد محمد جمال. |
| 264 | 1 |
_aمكة المكرمة : _bرابطة العالم الإسلامي، الأمانة العامة _c1981 |
|
| 300 |
_a80 صفحة ؛ _c20 سم. |
||
| 336 |
_aنص _btxt _2rdacontent _3كتاب |
||
| 337 |
_aبدون وسيط _bn _2rdamedia |
||
| 490 | 0 |
_aدعوة الحق ؛ _v2 |
|
| 650 | 7 |
_aالجهاد في الإسلام _2aucsh |
|
| 942 |
_2ddc _cBOOK _n0 |
||
| 949 |
_aSA-JeALM _d251231 _uosman123 _n1 |
||
| 999 |
_c13862 _d13862 |
||